000 00843nab a2200253 u 4500
001 10104
003 HDC
007 cr bn ---aaaaa
008 210203c20100208my dr|nes 0 a eng d
040 _aHDC
100 _aB. Suresh Ram,
_eauthor
_910307
245 0 _aMalaysia is world's third biggest bird's nest exporter /
_cby B. Suresh Ram
260 _aKuala Lumpur :
_bNew Straits Times Press,
_c2010
336 _atext
_2rdacontent
337 _acomputer
_2rdamedia
338 _aonline resource
_2rdacarrier
650 _aBird nest
_98006
650 _aExport
_94753
710 _aNew Straits Times
856 _zRequest full-text at [email protected]
942 _2lcc
942 _cNEWS
942 _kNWSC 003827
999 _c7427
_d7427